[Event "OHS 2013"]
[Site "Herne"]
[Date "2013.02.04"]
[Round "2.12"]
[White "Wolff, Christoph"]
[Black "Gorzinski, Darius"]
[Result "0-1"]
[WhiteElo "2000"]
[BlackElo "1923"]
[PlyCount "119"]

1. e4 c6 2. d4 d5 3. Nd2 dxe4 4. Nxe4 Bf5 5. Ng3 Bg6 6. h4 h6 7.
h5 Bh7 8. Nf3 Nd7 9. Bd3 Bxd3 10. Qxd3 e6 11. Bf4 Qa5+ 12. Bd2 Bb4 13. c3 Be7
14. Bf4 Ngf6 15. b4 Qa3 16. Qc2 Nd5 17. Bd2 b5 18. Qb3 Qa6 19. O-O N5b6 20.
Rfe1 Qb7 21. Bf4 Nc4 22. a4 Ndb6 23. a5 Nd5 24. Bc1 O-O 25. Nd2 Nxd2 26. Bxd2
Qc7 27. c4 bxc4 28. Qxc4 Rab8 29. Rab1 Qb7 30. Ne4 Rfd8 31. Rec1 Nf6 32. Ng3
Bd6 33. Qe2 Bxg3 34. fxg3 Rxd4 35. Bc3 Rd5 36. Bxf6 gxf6 37. Qg4+ Rg5 38. Qf4
Kg7 39. Rf1 Rf5 40. Qg4+ Rg5 41. Qd4 Qe7 42. Qf4 Rbb5 43. g4 c5 44. Rfc1 Rxb4
45. Rxb4 cxb4 46. Rc7 Qd8 47. Qc4 Qd1+ 48. Kh2 Qxg4 49. Qxg4 Rxg4 50. Rxa7 Rh4+
51. Kg3 Rxh5 52. a6 Ra5 53. Kh4 f5 54. g4 fxg4 55. Rb7 Rxa6 56. Kxg4 Ra4 57.
Kh5 Ra5+ 58. Kg4 Kg6 59. Rxb4 Rd5 60. Rb8 0-1

[Event "OHS 2013"]
[Site "Herne"]
[Date "2013.02.04"]
[Round "2.13"]
[White "Deutschmann, Jürgen"]
[Black "Milk, Joshua"]
[Result "1-0"]
[WhiteElo "1536"]
[BlackElo "1192"]
[PlyCount "75"]

1. c4 Nf6 2. Nc3 e5 3. g3 c6 4. d4 exd4 5. Qxd4 b6 6. Bg2 Bc5 7.
Qe5+ Qe7 8. Qxe7+ Bxe7 9. e4 d6 10. Nge2 Bb7 11. Nd4 O-O 12. Nf5 Re8 13. O-O
Nbd7 14. Bf4 Ne5 15. b3 Nh5 16. Nxe7+ Rxe7 17. Bg5 f6 18. Bc1 g6 19. Ba3 c5 20.
Rad1 Ng7 21. Rxd6 Re6 22. Rfd1 Rae8 23. Nb5 R8e7 24. Rd8+ Re8 25. Nc7 Nc6 26.
Rxe8+ Nxe8 27. Nxe6 Bc8 28. Nf4 Kf7 29. Bb2 Nc7 30. Bh3 Bxh3 31. Nxh3 Ke7 32.
Nf4 Ne6 33. Nxe6 Kxe6 34. Bxf6 Nb4 35. a3 Nc6 36. Bc3 a6 37. f4 Ne7 38. Kf2 1-0

[Event "OHS 2013"]
[Site "Herne"]
[Date "2013.02.04"]
[Round "2.14"]
[White "Mancic, Ivan"]
[Black "Nagel, Frank"]
[Result "1/2-1/2"]
[WhiteElo "2086"]
[BlackElo "1585"]
[PlyCount "129"]

1. d4 Nf6 2. c4 d5 3. g3 c6 4. Bg2 e6 5. Nf3 Nbd7 6. O-O b6 7. b3
Be7 8. Bb2 O-O 9. Nbd2 Bb7 10. Qc2 c5 11. Rfd1 cxd4 12. Nxd4 Rc8 13. Rac1 Nc5
14. Qb1 Qe8 15. cxd5 Bxd5 16. Bxd5 Nxd5 17. Nc4 Nf6 18. Ba1 Rc7 19. Nf3 Nce4
20. Be5 Rd7 21. Rd4 Rxd4 22. Bxd4 Qb5 23. a4 Qa6 24. Nfe5 Rc8 25. Rd1 Qb7 26.
f3 Nc5 27. Bf2 Nd5 28. Rc1 Bf8 29. Nd3 Nxd3 30. Qxd3 Ba3 31. Rd1 Be7 32. e4 Nf6
33. Nd6 Bxd6 34. Qxd6 h6 35. Qd2 Qc7 36. Be3 Qe7 37. Rc1 Rxc1+ 38. Qxc1 Qd7 39.
Qd2 Kf8 40. Kf2 Ke8 41. Ke2 Qxd2+ 42. Kxd2 Kd7 43. b4 Kc6 44. b5+ Kd6 45. a5
Nd7 46. Kc3 h5 47. Kb4 g6 48. Bd4 f5 49. Kc3 fxe4 50. fxe4 e5 51. Be3 Nc5 52.
Kc4 Nd7 53. axb6 axb6 54. Bc1 Ke6 55. Bd2 Nf6 56. Be3 Nd7 57. Bg5 Nc5 58. Bd8
Nd7 59. Bc7 g5 60. h3 Nf6 61. Bxb6 Nxe4 62. g4 hxg4 63. hxg4 Nf6 64. Be3 Nxg4
65. Bxg5 {und Remis nach ein paar weiteren Zügen} 1/2-1/2

[Event "OHS 2013"]
[Site "Herne"]
[Date "2013.02.04"]
[Round "2.15"]
[White "Wickenfeld, Stefan"]
[Black "Grunwald, Günther"]
[Result "1-0"]
[WhiteElo "2073"]
[BlackElo "1569"]
[PlyCount "39"]

1. e4 e5 2. f4 exf4 3. Nf3 d5 4. e5 Bg4 5. d4 Bxf3 6. Qxf3 g5 7.
h4 gxh4 8. Bxf4 Nc6 9. Bb5 a6 10. Bxc6+ bxc6 11. Nd2 Bh6 12. Bxh6 Nxh6 13. Qh5
Ng8 14. Rxh4 Qe7 15. Rf4 Qe6 16. O-O-O O-O-O 17. Nb3 Qg6 18. Qh3+ Qe6 19. Qd3
Ne7 20. Nc5 1-0

[Event "OHS 2013"]
[Site "Herne"]
[Date "2013.02.04"]
[Round "2.16"]
[White "Ribbeheger, Edgar"]
[Black "Buscham, Björn"]
[Result "1-0"]
[WhiteElo "1986"]
[BlackElo "1496"]
[PlyCount "51"]

1. d4 d5 2. c4 c6 3. Nc3 Nf6 4. Nf3 dxc4 5. a4 e6 6. e3 Be7 7.
Bxc4 Nbd7 8. O-O Nb6 9. Bd3 O-O 10. Qe2 Nbd5 11. e4 Nxc3 12. bxc3 c5 13. Bg5 h6
14. Bxf6 Bxf6 15. e5 Be7 16. Rfd1 cxd4 17. h4 g6 18. h5 Kh7 19. Nxd4 Qc7 20.
hxg6+ fxg6 21. Nb5 Qc5 22. Ra2 a6 23. Nd4 Qxc3 24. Qg4 Rg8 25. Qf3 Rf8 26.
Bxg6+ 1-0

[Event "OHS 2013"]
[Site "Herne"]
[Date "2013.02.04"]
[Round "2.17"]
[White "Fischöder, Heiko"]
[Black "Säglitz, Patrick"]
[Result "1-0"]
[WhiteElo "1939"]
[BlackElo "1401"]
[PlyCount "37"]

1. d4 e6 2. c4 f5 3. g3 Nf6 4. Bg2 d5 5. Nf3 c6 6. O-O Bd6 7. b3
Qe7 8. e3 e5 9. dxe5 Bxe5 10. Ba3 Bd6 11. Bxd6 Qxd6 12. cxd5 Qxd5 13. Qc1 O-O
14. Ng5 Qe5 15. Qc4+ Kh8 16. Nf7+ Rxf7 17. Qxf7 Qxa1 18. Qf8+ Ng8 19. Qxc8 1-0

[Event "OHS 2013"]
[Site "Herne"]
[Date "2013.02.04"]
[Round "2.18"]
[White "Kümmel, Hans-Jürgen"]
[Black "Müller-Kreth, Kai"]
[Result "0-1"]
[WhiteElo "1301"]
[BlackElo "1795"]
[PlyCount "98"]

1. d4 d5 2. Nf3 Bf5 3. Nc3 Nf6 4. e3 e6 5. a3 h6 6. Bd3 Ne4 7. Bd2
Nd7 8. Bb5 c6 9. Be2 Bd6 10. Na2 Nxd2 11. Qxd2 O-O 12. Nb4 a5 13. Nd3 Nf6 14.
Nde5 Ne4 15. Qd1 f6 16. Nd3 Qe7 17. h4 e5 18. h5 Rfe8 19. Nh4 Bh7 20. Ng6 Qf7
21. c3 exd4 22. cxd4 b6 23. Rc1 Rac8 24. Bf3 c5 25. dxc5 bxc5 26. Bxe4 Rxe4 27.
Kf1 Bxg6 28. hxg6 Qxg6 29. Nf4 Bxf4 30. Qxd5+ Kh7 31. exf4 Rxf4 32. g3 Qxg3 33.
Rc2 Qf3 34. Qxf3 Rxf3 35. Rh5 f5 36. Kg2 Rf4 37. Rh1 a4 38. Rhc1 c4 39. f3 g5
40. Rd1 Re8 41. Rd7+ Kg6 42. Rcd2 Re3 43. R7d6+ Kh5 44. Kg1 Rfxf3 45. Rh2+ Rh3
46. Rxh3+ Rxh3 47. Rd4 Rb3 48. Rxc4 Rxb2 49. Rxa4 Ra2 0-1

[Event "OHS 2013"]
[Site "Herne"]
[Date "2013.02.04"]
[Round "2.19"]
[White "Wiese, Thomas"]
[Black "Rochol, Jürgen"]
[Result "1-0"]
[WhiteElo "1753"]
[BlackElo "1400"]
[PlyCount "107"]

1. Nf3 Nf6 2. b3 g6 3. Bb2 Bg7 4. c4 O-O 5. e3 b6 6. d3 Bb7 7. Be2
Nc6 8. O-O Re8 9. d4 d5 10. cxd5 Nxd5 11. Nbd2 e5 12. dxe5 Nxe5 13. Nxe5 Bxe5
14. Bxe5 Rxe5 15. Nf3 Re7 16. Qd4 c5 17. Qb2 Qc7 18. Rac1 Rc8 19. Rfd1 Nb4 20.
a3 Bxf3 21. Bxf3 Na6 22. Qe2 Nb8 23. h4 Rd7 24. h5 Rcd8 25. Rxd7 Qxd7 26. hxg6
hxg6 27. Qc4 Nc6 28. Qf4 Ne7 29. g3 Nd5 30. Qh4 Qe7 31. Rd1 Nf6 32. Rc1 Kg7 33.
Qc4 Rd2 34. Qc3 Qd6 35. Qa1 Qd3 36. Rc3 Qd6 37. Rc4 b5 38. Rc3 a5 39. Qc1 Nd7
40. Kg2 b4 41. axb4 axb4 42. Rc2 Rxc2 43. Qxc2 Ne5 44. Be2 Qd5+ 45. Kg1 f6 46.
Bc4 Nxc4 47. bxc4 Qd6 48. Qa4 Qd3 49. Qa7+ Kh6 50. Qxc5 b3 51. Qf8+ Kg5 52.
Qc5+ Qf5 53. Qd4 Qe5 54. f4+ 1-0

[Event "OHS 2013"]
[Site "Herne"]
[Date "2013.02.06"]
[Round "2.20"]
[White "Kraus, Tanja"]
[Black "Breme, Dietmar"]
[Result "1/2-1/2"]
[WhiteElo "1697"]
[BlackElo "1283"]
[PlyCount "56"]

1. e4 c6 2. d4 d5 3. e5 Bf5 4. Nc3 c5 5. g4 Bd7 6. dxc5 Nc6 7. Bf4
e6 8. Nb5 Bxc5 9. Nf3 Nge7 10. Nd6+ Bxd6 11. exd6 Ng6 12. Bg3 Rc8 13. c3 Qf6
14. g5 Qd8 15. Bd3 Qb6 16. Qe2 O-O 17. h4 Rfe8 18. Bxg6 fxg6 19. Ne5 Nxe5 20.
Bxe5 Rf8 21. Bd4 Qd8 22. Qe5 Rf7 23. h5 Qf8 24. hxg6 hxg6 25. Qh2 Rf5 26. Qh8+
Kf7 27. Qxf8+ Rxf8 28. Rh7 Rg8 1/2-1/2

[Event "OHS 2013"]
[Site "Herne"]
[Date "2013.02.04"]
[Round "2.21"]
[White "Schäfer, Michael"]
[Black "Nioduschewski, Nils"]
[Result "1-0"]
[WhiteElo "1660"]
[BlackElo "1260"]
[PlyCount "51"]

1. d4 d5 2. Nf3 Nf6 3. c4 e6 4. Nc3 Bb4 5. Bg5 Nbd7 6. e3 h6 7.
Bh4 O-O 8. Bd3 Be7 9. O-O dxc4 10. Bxc4 Nb6 11. Bb3 Nfd5 12. Bg3 Nxc3 13. bxc3
c5 14. Qd3 c4 15. Bxc4 Nxc4 16. Qxc4 a6 17. a4 Bd7 18. Ne5 b5 19. Qa2 f6 20.
Ng6 Re8 21. axb5 axb5 22. Qxa8 Qxa8 23. Rxa8 Rxa8 24. Nxe7+ Kf7 25. Bd6 Re8 26.
Ra1 1-0

[Event "OHS 2013"]
[Site "Herne"]
[Date "2013.02.04"]
[Round "2.22"]
[White "Sikorski, Thomas"]
[Black "Böcker, Marcus"]
[Result "1-0"]
[WhiteElo "1656"]
[BlackElo "1246"]
[PlyCount "68"]

1. c4 Nf6 2. Nf3 e6 3. Nc3 Bb4 4. Qb3 Bxc3 5. Qxc3 Nc6 6. e4 O-O
7. e5 Ne8 8. d4 d5 9. b4 a5 10. b5 Nb4 11. a3 dxc4 12. axb4 c5 13. bxc5 Nc7 14.
Bxc4 Bd7 15. b6 Nb5 16. Qd3 Qe8 17. Rb1 a4 18. Bxb5 Bxb5 19. Qxb5 Qxb5 20. Rxb5
a3 21. Rb1 a2 22. Ra1 Rfc8 23. O-O Ra4 24. Rd1 Rca8 25. Rd2 h6 26. Rb2 Rc4 27.
Be3 Rca4 28. Nd2 Kf8 29. Ne4 Ke7 30. Nc3 R4a6 31. Rbxa2 Kd7 32. Rxa6 Rxa6 33.
Rxa6 bxa6 34. Ne4 Kc8 1-0

[Event "OHS 2013"]
[Site "Herne"]
[Date "2013.02.04"]
[Round "2.23"]
[White "Stenzel, Gerhard"]
[Black "Czarnecki, Günter"]
[Result "1-0"]
[WhiteElo "1629"]
[BlackElo "1087"]
[PlyCount "45"]

1. d4 d5 2. c4 dxc4 3. Nc3 Nc6 4. d5 Ne5 5. e4 f6 6. f4 Nd3+ 7.
Bxd3 cxd3 8. Qxd3 e6 9. Qb5+ Qd7 10. dxe6 Qxb5 11. Nxb5 Kd8 12. f5 Bb4+ 13. Nc3
Bxc3+ 14. bxc3 b6 15. Bf4 Ba6 16. O-O-O+ Kc8 17. Rd7 Nh6 18. Rxc7+ Kd8 19. Rxg7
Ng8 20. Nf3 Ke8 21. Rd1 Rd8 22. Rxd8+ Kxd8 23. Rxa7 1-0

[Event "OHS 2013"]
[Site "Herne"]
[Date "2013.01.28"]
[Round "1.1"]
[White "Müller-Kreth, Kai"]
[Black "Kiese, Matthias,Prof.Dr."]
[Result "0-1"]
[WhiteElo "1795"]
[BlackElo "2125"]
[PlyCount "116"]

1. e4 c5 2. Nf3 d6 3. d4 cxd4 4. Nxd4 Nf6 5. Nc3 a6 6. a4 e5 7.
Nb3 Be6 8. Be2 Nbd7 9. Be3 Be7 10. O-O O-O 11. f4 exf4 12. Bxf4 Ne5 13. Kh1 Rc8
14. Nd4 Ng6 15. Nxe6 fxe6 16. Bg3 Qb6 17. Ra2 Rxc3 18. bxc3 Nxe4 19. Rxf8+ Bxf8
20. Be1 d5 21. Bd3 Qe3 22. Bxe4 Qxe4 23. Bg3 Ne5 24. Qe1 Qxe1+ 25. Bxe1 Nc4 26.
Ra1 Bc5 27. Rb1 b6 28. g3 Kf7 29. Bf2 Nd2 30. Rd1 Ne4 31. Bxc5 bxc5 32. Rb1
Nxc3 33. Rb7+ Kf6 34. a5 d4 35. Rb6 Ke5 36. Rxa6 c4 37. Ra8 d3 38. cxd3 cxd3
39. Rd8 Nd5 40. Rb8 d2 41. Rb1 Ke4 42. Kg2 Kd3 43. Kf3 e5 44. a6 e4+ 45. Kg4
Kc2 46. Ra1 Kb2 47. a7 Nc7 48. Rh1 g5 49. h4 h5+ 50. Kxg5 e3 51. Kxh5 e2 52. g4
d1=Q 53. Rxd1 exd1=Q 54. Kg5 Qd5+ 55. Kh6 Qe6+ 56. Kh5 Qf7+ 57. Kh6 Ne6 58.
a8=Q Qg7+ 0-1

[Event "OHS 2013"]
[Site "Herne"]
[Date "2013.01.28"]
[Round "1.2"]
[White "Bartel, Mario"]
[Black "Wiese, Thomas"]
[Result "1-0"]
[WhiteElo "2101"]
[BlackElo "1753"]
[PlyCount "45"]

1. e4 e5 2. Nf3 Nc6 3. Bb5 a6 4. Ba4 b5 5. Bb3 Nf6 6. O-O Be7 7.
Re1 d6 8. c3 O-O 9. h3 Bb7 10. d4 Nd7 11. Nbd2 Bf6 12. Nf1 g6 13. Ne3 Bg7 14.
Ng4 Kh8 15. Bh6 Bxh6 16. Nxh6 Kg7 17. Qd2 Qf6 18. Ng4 Qf4 19. Re3 exd4 20. cxd4
d5 21. exd5 Ncb8 22. g3 Qd6 23. Re5 1-0

[Event "OHS 2013"]
[Site "Herne"]
[Date "2013.01.28"]
[Round "1.3"]
[White "Zwielich, Frank"]
[Black "Mancic, Ivan"]
[Result "1-0"]
[WhiteElo "1951"]
[BlackElo "2086"]
[PlyCount "49"]

1. d4 Nf6 2. Nf3 d6 3. g3 g6 4. Bg2 Bg7 5. O-O c6 6. c4 O-O 7. Nc3
Bf5 8. Nh4 Bd7 9. e4 e5 10. Nf3 Qc7 11. h3 Na6 12. Be3 Rad8 13. Qd2 Rfe8 14.
Rfe1 exd4 15. Nxd4 Nc5 16. Bg5 {mit Remisangebot} Qb6 17. Rad1 a5 18. g4 h6 19.
Bxh6 Bxh6 20. Qxh6 Qxb2 21. Re3 Bxg4 22. Rg3 Bh5 23. Rb1 Qxb1+ 24. Nxb1 Nfxe4
25. Nf5 1-0

[Event "OHS 2013"]
[Site "Herne"]
[Date "2013.01.28"]
[Round "1.4"]
[White "Trzaska, Peter"]
[Black "Kraus, Tanja"]
[Result "1-0"]
[WhiteElo "2075"]
[BlackElo "1697"]
[PlyCount "105"]

1. c4 e5 2. Nf3 Nc6 3. Nc3 Nf6 4. g3 d5 5. cxd5 Nxd5 6. Bg2 Be6 7.
d4 Bb4 8. Bd2 exd4 9. Nb5 Bxd2+ 10. Qxd2 d3 11. Qxd3 Ncb4 12. Qd2 Qd7 13. Nc3
O-O 14. a3 Nxc3 15. Qxd7 Bxd7 16. axb4 Ne4 17. Ne5 Bf5 18. g4 Rfe8 19. f4 Bg6
20. Nd3 f6 21. f5 Bf7 22. Nc5 Nxc5 23. bxc5 Bc4 24. Bf3 Re5 25. Kf2 Bd5 {
mit Remisangebot} 26. Rhc1 Bxf3 27. Kxf3 Rae8 28. Rc2 Re3+ 29. Kf2 a6 30. c6
bxc6 31. Rxa6 R3e4 32. h3 Re3 33. Ra3 R3e5 34. Rac3 c5 35. Rxc5 Rxc5 36. Rxc5
Re7 37. Kf3 g6 38. h4 Kf7 39. e4 Rd7 40. Rd5 Re7 41. Kf4 c6 42. Rd6 Rb7 43. g5
fxg5+ 44. hxg5 gxf5 45. Kxf5 Rxb2 46. Rd7+ Kg8 47. e5 Rf2+ 48. Ke6 Rg2 49. Kf6
Rf2+ 50. Ke7 Rf5 51. e6 c5 52. Kd6 Rf8 53. Kxc5 1-0

[Event "OHS 2013"]
[Site "Herne"]
[Date "2013.01.28"]
[Round "1.5"]
[White "Barth, Hans-Joachim"]
[Black "Wickenfeld, Stefan"]
[Result "1-0"]
[WhiteElo "1695"]
[BlackElo "2073"]
[PlyCount "53"]

1. b3 d5 2. Bb2 Nd7 3. Nf3 Ngf6 4. e3 g6 5. c4 c6 6. Nc3 Bg7 7. d4
O-O 8. Bd3 dxc4 9. bxc4 e6 10. O-O c5 11. Qc2 cxd4 12. exd4 b6 13. Rfd1 Bb7 14.
Ne4 Qc7 15. Rac1 Rfd8 16. h3 Rac8 17. Qb1 Nh5 18. d5 exd5 19. cxd5 Qf4 20. Rxc8
Rxc8 21. Bc1 Qc7 22. d6 Qd8 23. Bg5 Nhf6 24. Bc2 Nc5 25. d7 Ncxd7 26. Bxf6 Bxf6
27. Rxd7 1-0

[Event "OHS 2013"]
[Site "Herne"]
[Date "2013.01.28"]
[Round "1.6"]
[White "Kolakovic, Klaudio"]
[Black "Schäfer, Michael"]
[Result "1-0"]
[WhiteElo "2001"]
[BlackElo "1660"]
[PlyCount "33"]

1. d4 d5 2. Nc3 Bf5 3. f3 Nf6 4. Bg5 Nbd7 5. Nxd5 Nxd5 6. e4 f6 7.
Bh4 Be6 8. exd5 Bxd5 9. c4 Bf7 10. Qd2 e5 11. O-O-O exd4 12. Qxd4 c6 13. Bg3
Bc5 14. Re1+ Kf8 15. Bd6+ Bxd6 16. Qxd6+ Kg8 17. Rd1 1-0

[Event "OHS 2013"]
[Site "Herne"]
[Date "2013.01.28"]
[Round "1.8"]
[White "Melmer, Felix"]
[Black "Sikorski, Thomas"]
[Result "1-0"]
[WhiteElo "1996"]
[BlackElo "1656"]
[PlyCount "103"]

1. f4 c6 2. Nf3 d6 3. Nc3 Bg4 4. e4 e5 5. h3 Bxf3 6. Qxf3 exf4 7.
Qxf4 Qf6 8. Qe3 Nd7 9. d4 Be7 10. a4 Qh4+ 11. g3 Qh5 12. Be2 Qa5 13. O-O Ngf6
14. Bd2 O-O 15. b4 Qc7 16. g4 h6 17. h4 d5 18. e5 Ne4 19. Nxe4 dxe4 20. g5 hxg5
21. hxg5 Nxe5 22. dxe5 Qxe5 23. g6 fxg6 24. Bc4+ Kh7 25. Kg2 Bh4 26. Bc3 Qg5+
27. Qxg5 Bxg5 28. Rf7 Rxf7 29. Bxf7 Rf8 30. Rh1+ Bh6 31. Rf1 Rd8 32. Kf2 Rf8
33. Ke2 Rd8 34. Rg1 Rd6 35. Rd1 Rxd1 36. Kxd1 Bf4 37. Bd4 b6 38. Be8 Bd6 39.
Bc3 c5 40. b5 Bf4 41. Ke2 g5 42. Bd2 Kh6 43. Bc6 Kg6 44. Bxe4+ Kf6 45. Bc3+ Be5
46. Be1 Bd4 47. Kf3 Ke5 48. Bg3+ Kf6 49. Bb8 Be5 50. Bxa7 Bc7 51. a5 Ke5 52.
axb6 1-0

[Event "OHS 2013"]
[Site "Herne"]
[Date "2013.01.28"]
[Round "1.9"]
[White "Steinke, Hans-Jörg"]
[Black "Ribbeheger, Edgar"]
[Result "1-0"]
[WhiteElo "1640"]
[BlackElo "1986"]
[PlyCount "77"]

1. d4 Nf6 2. c4 g6 3. Nc3 Bg7 4. e4 O-O 5. Nf3 d6 6. Be2 e5 7. O-O
Nc6 8. d5 Ne7 9. Ne1 Ne8 10. Be3 f5 11. f3 f4 12. Bf2 g5 13. Rc1 Rf7 14. Nd3
Ng6 15. c5 Bf8 16. b4 h5 17. a4 Rh7 18. cxd6 cxd6 19. Re1 Nf6 20. a5 g4 21. Nb5
Bd7 22. Nc7 Ba4 23. Qxa4 Rxc7 24. Rxc7 Qxc7 25. Rc1 Qg7 26. Qc2 Rd8 27. Bxa7
Nh4 28. fxg4 hxg4 29. Ne1 Rd7 30. Bb6 Qh6 31. Bb5 Rg7 32. Bd8 Nf3+ 33. gxf3
gxf3+ 34. Kh1 f2 35. Qxf2 Nxe4 36. Qh4 f3 37. Rc7 Qe3 38. Rxg7+ Bxg7 39. Bb6 {
Zeit} 1-0

[Event "OHS 2013"]
[Site "Herne"]
[Date "2013.01.28"]
[Round "1.10"]
[White "Reinholz, Benjamin"]
[Black "Stenzel, Gerhard"]
[Result "1-0"]
[WhiteElo "1963"]
[BlackElo "1629"]
[PlyCount "111"]

1. e4 d5 2. exd5 Nf6 3. Nf3 Qxd5 4. Nc3 Qd6 5. d4 Bg4 6. h3 Bh5 7.
Be3 a6 8. Be2 Nc6 9. Qd2 h6 10. O-O-O Bg6 11. Bf4 Qd8 12. g4 e6 13. Qe3 Nb4 14.
Ne1 Nbd5 15. Nxd5 Nxd5 16. Qf3 Bd6 17. Bd2 Qf6 18. Qxf6 Nxf6 19. Nd3 O-O-O 20.
Ne5 Bxe5 21. dxe5 Nd7 22. f4 Nb6 23. b3 Rd7 24. c4 Rhd8 25. Bb4 Be4 26. Rxd7
Rxd7 27. Rd1 f6 28. exf6 gxf6 29. Rxd7 Nxd7 30. Be7 c6 31. Kd2 f5 32. g5 hxg5
33. Bxg5 e5 34. h4 exf4 35. Bxf4 Nf6 36. h5 Kd7 37. Ke3 Ke6 38. h6 Nh7 39. Kd4
Nf6 40. b4 Kf7 41. Kc5 Kg6 42. Kb6 Ng8 43. c5 Ne7 44. Bc4 Bd5 45. Bd3 Be4 46.
Bxe4 fxe4 47. Kxb7 Nd5 48. Bd2 e3 49. Be1 Nf4 50. Kxc6 Nd3 51. Bc3 e2 52. Kb6
e1=Q 53. Bxe1 Nxe1 54. c6 Nc2 55. c7 Nxb4 56. c8=Q 1-0

[Event "OHS 2013"]
[Site "Herne"]
[Date "2013.01.28"]
[Round "1.11"]
[White "Nagel, Frank"]
[Black "Radi, Günter"]
[Result "0-1"]
[WhiteElo "1585"]
[BlackElo "1959"]
[PlyCount "143"]

1. d4 d5 2. c4 e6 3. Nc3 Nf6 4. Nf3 Nbd7 5. e3 g6 6. Bd3 Bg7 7.
O-O O-O 8. cxd5 exd5 9. b4 a6 10. a4 Re8 11. Qc2 c6 12. Bd2 b6 13. Ne2 Bb7 14.
Ng3 Rc8 15. Qb3 Ne4 16. Rac1 Nxd2 17. Nxd2 Qe7 18. Nf3 Bf8 19. Rb1 Rc7 20. Rfc1
Rec8 21. e4 Kh8 22. exd5 cxd5 23. Rxc7 Rxc7 24. Qb2 Qd8 25. Qe2 Qc8 26. Qe3 Bd6
27. h4 Qf8 28. Qd2 Nb8 29. h5 f5 30. hxg6 hxg6 31. Qg5 Rg7 32. Nh4 Qf7 33. Re1
Nc6 34. b5 axb5 35. Bxb5 Kh7 36. Qc1 Nxd4 37. Be8 Qf6 38. Nf3 Nxf3+ 39. gxf3
Re7 40. Bb5 Rxe1+ 41. Qxe1 Qe7 42. Qf1 Kg7 43. Qh3 d4 44. Ne2 Bc5 45. Qg3 Bd6
46. Qh3 Qe5 47. Qh4 Bc5 48. Kg2 Qd5 49. Qh3 Bd6 50. Nc1 Bc6 51. Nb3 Bxb5 52.
axb5 Qxb3 53. Qh4 Qd5 54. Qd8 Qc5 55. Qd7+ Kh6 56. Qe8 Bf8 57. Qe2 Qc3 58. Qe5
Qc5 59. Qe2 Qd6 60. Qd2+ Kh7 61. Qd3 Qe5 62. Qc4 Kg7 63. Qd3 Bb4 64. Qc4 Bc5
65. Qd3 f4 66. Kf1 Qf5 67. Qe4 Qxe4 68. fxe4 f3 69. Kg1 d3 70. Kf1 Bb4 71. Kg1
d2 72. Kh2 0-1

[Event "OHS 2013"]
[Site "Herne"]
[Date "2013.01.28"]
[Round "1.12"]
[White "Winterkamp, Sascha"]
[Black "Grunwald, Günther"]
[Result "1-0"]
[WhiteElo "1956"]
[BlackElo "1569"]
[PlyCount "129"]

1. d4 d5 2. Nf3 Nf6 3. c3 e6 4. Bg5 Be7 5. Nbd2 c5 6. e3 Nc6 7.
Bd3 b6 8. Rc1 Bb7 9. O-O h6 10. Bh4 O-O 11. Bb1 Rc8 12. Qe2 Nb8 13. Bxf6 Bxf6
14. Qd3 g6 15. Rfe1 Ba6 16. Qc2 Bg7 17. h4 f5 18. Rcd1 Nc6 19. Qa4 Bb7 20. dxc5
bxc5 21. e4 Qb6 22. exd5 exd5 23. Re6 Rf6 24. Rxf6 Bxf6 25. h5 Ne7 26. hxg6
Qxb2 27. Qd7 Qb6 28. Qa4 Bxc3 29. Qh4 Qf6 30. Qxh6 Qg7 31. Qh5 Qxg6 32. Qxg6+
Nxg6 33. Bxf5 Rc6 34. Nb1 Ne7 35. Nxc3 Nxf5 36. Rxd5 Nd6 37. Rg5+ Kh7 38. Nd5
Ne4 39. Rh5+ Rh6 40. Re5 Bxd5 41. Rxd5 Ra6 42. Re5 Nc3 43. Rxc5 Nxa2 44. Rc4
Ra3 45. Nd4 a6 46. Nc2 Rc3 47. Rxc3 Nxc3 48. f3 Kg6 49. Kf2 Kf5 50. Ke3 Nd5+
51. Kd4 Nf6 52. g3 Kg5 53. Ne3 Nh5 54. g4 Ng3 55. Ke5 Ne2 56. Nc4 Nf4 57. Nd6
Ng6+ 58. Ke4 a5 59. Ke3 a4 60. Ne4+ Kh6 61. Kd3 Ne5+ 62. Ke3 a3 63. Nc3 Nc4+
64. Kd4 Na5 65. f4 1-0

[Event "OHS 2013"]
[Site "Herne"]
[Date "2013.01.28"]
[Round "1.13"]
[White "Bleich, Karl-Heinz"]
[Black "Fischöder, Heiko"]
[Result "1-0"]
[WhiteElo "1543"]
[BlackElo "1939"]
[PlyCount "61"]

1. d4 Nf6 2. c4 e6 3. Nc3 Bb4 4. a3 Bxc3+ 5. bxc3 c5 6. Bg5 Qa5 7.
Bd2 d6 8. f3 O-O 9. e4 Nc6 10. Ne2 Ne8 11. Ng3 Qd8 12. Bd3 cxd4 13. cxd4 Nxd4
14. O-O f5 15. Bc3 Qb6 16. Kh1 f4 17. Rb1 Qc5 18. Bxd4 Qxd4 19. Ne2 Qf6 20. Bc2
a6 21. Qd3 Qe5 22. Rfe1 b5 23. cxb5 axb5 24. Rb3 Ba6 25. Rb4 Kh8 26. Nd4 Rf6
27. Bb3 Rh6 28. Rc1 Qh5 29. h3 e5 30. Nf5 Rf6 31. Qd5 1-0

[Event "OHS 2013"]
[Site "Herne"]
[Date "2013.01.28"]
[Round "1.14"]
[White "Gorzinski, Dariusz"]
[Black "Deutschmann, Jürgen"]
[Result "1/2-1/2"]
[WhiteElo "1923"]
[BlackElo "1536"]
[PlyCount "126"]

1. e4 c6 2. d4 d5 3. exd5 cxd5 4. c4 Nf6 5. Nc3 e6 6. Nf3 dxc4 7.
Bxc4 Be7 8. O-O O-O 9. Re1 Nbd7 10. Bb3 Nb6 11. Bg5 Re8 12. Qd3 Nfd5 13. Nxd5
Nxd5 14. Bxe7 Nxe7 15. Ng5 Ng6 16. Qe3 h6 17. Nf3 Bd7 18. Bc2 Nf8 19. Ne5 Qf6
20. Qe4 Bc6 21. Nxc6 bxc6 22. Ba4 Red8 23. Red1 Rd6 24. Rd3 Rad8 25. Rad1 c5
26. dxc5 Rxd3 27. Rxd3 Rxd3 28. Qxd3 Qxb2 $11 29. Qc2 Qa1+ 30. Qd1 Qb2 31. c6
Qe5 32. g3 Qc7 33. Qb3 e5 34. Qb7 Ne6 35. Bb3 Qa5 36. Bxe6 Qe1+ 37. Kg2 Qe4+
38. Kh3 fxe6 39. Qc8+ Kh7 40. Qxe6 Qc2 41. f3 Qc1 42. Qd5 Qf1+ 43. Kg4 h5+ 44.
Kh4 Kh6 45. Qd6+ g6 46. Qf8+ Kh7 47. Kg5 Qc1+ 48. f4 exf4 49. Qh6+ Kg8 50.
Qxg6+ Kf8 51. gxf4 Qg1+ 52. Kh6 Qd4 53. c7 Qxf4+ 54. Kxh5 Qxh2+ 55. Kg5 Qg3+
56. Kf6 Qf4+ 57. Qf5 Qxc7 58. Ke6+ Kg8 59. Qg6+ Kh8 60. Qe8+ Kg7 61. Qd7+ Qxd7+
62. Kxd7 a5 63. a4 Kf7 1/2-1/2

[Event "OHS 2013"]
[Site "Herne"]
[Date "2013.01.28"]
[Round "1.15"]
[White "Buscham, Björn"]
[Black "Wloczek, Josef"]
[Result "0-1"]
[WhiteElo "1496"]
[BlackElo "1919"]
[PlyCount "110"]

1. e4 d6 2. d4 g6 3. Nf3 Bg7 4. Be3 Nf6 5. Nbd2 c6 6. Bd3 Ng4 7.
O-O Nxe3 8. fxe3 Bh6 9. Qe2 O-O 10. Kh1 Nd7 11. Qf2 e5 12. c3 Qe7 13. Rae1 a6
14. Bc2 b5 15. Qg3 Ra7 16. Nb3 a5 17. Nc1 Nf6 18. dxe5 Nh5 19. Qf2 dxe5 20. Nd3
Bg7 21. Rd1 f5 22. Nde1 Be6 23. exf5 gxf5 24. Bb3 Bc4 25. Bxc4+ bxc4 26. Qh4
Qxh4 27. Nxh4 f4 28. exf4 Nxf4 29. g3 Nd5 30. Rxf8+ Bxf8 31. Nhf3 Bg7 32. Ng2
Rb7 33. Rd2 Rf7 34. Ngh4 e4 35. Nd4 e3 36. Re2 Bxd4 37. cxd4 Kf8 38. Kg1 Ke7
39. Ng2 Rf3 40. Ne1 Rf8 41. Ng2 Kd6 42. Nxe3 Nxe3 43. Rxe3 Rb8 44. Re2 Kd5 45.
Rd2 a4 46. a3 Rf8 47. h4 Ke4 48. Re2+ $11 Kd3 49. Re6 Rc8 50. Kf2 Kc2 51. Re2+
Kc1 52. Ke1 Rd8 53. Re6 Rxd4 54. Rxc6 Kxb2 55. Rh6 c3 0-1

[Event "OHS 2013"]
[Site "Herne"]
[Date "2013.01.28"]
[Round "1.16"]
[White "Schmidt, Ralph"]
[Black "Säglitz, Patrick"]
[Result "0-1"]
[WhiteElo "1898"]
[BlackElo "1401"]
[PlyCount "35"]

1. e4 e5 2. Nc3 Nf6 3. Bc4 Nc6 4. d3 Bb4 5. Nge2 d5 6. exd5 Nxd5
7. a3 Bxc3+ 8. bxc3 Bg4 9. f3 Be6 10. Rb1 Qh4+ 11. g3 Qf6 12. O-O Nb6 13. Bxe6
Qxe6 14. Nd4 exd4 15. Re1 Ne5 16. Bf4 O-O 17. Bxe5 dxc3 18. Bxg7 0-1

[Event "OHS 2013"]
[Site "Herne"]
[Date "2013.01.28"]
[Round "1.18"]
[White "Löffelbein, Klaus"]
[Black "Kümmel, Hans-Jürgen"]
[Result "1-0"]
[WhiteElo "1870"]
[BlackElo "1301"]
[PlyCount "73"]

1. d4 d5 2. c4 c6 3. Nf3 Nf6 4. Nc3 a6 5. c5 Bg4 6. Ne5 Bh5 7. Qb3
Qc8 8. h3 Nbd7 9. g4 Bg6 10. f4 Be4 11. Rg1 Nxe5 12. fxe5 Nd7 13. Nxe4 dxe4 14.
Bg2 g6 15. Bxe4 Bg7 16. Bg5 e6 17. O-O-O O-O 18. Be7 Re8 19. Bd6 Bf8 20. Rgf1
Bxd6 21. exd6 Rb8 22. Qf3 Rf8 23. Rd2 Qd8 24. Rc2 Kg7 25. Qe3 Nf6 26. Bg2 Nd7
27. g5 Qe8 28. h4 f6 29. Qc3 Kg8 30. gxf6 Rxf6 31. Rxf6 Nxf6 32. e4 Qd7 33. Rf2
Rf8 34. d5 Qg7 35. dxe6 Nxe4 36. Qxg7+ Kxg7 37. Rxf8 1-0

[Event "OHS 2013"]
[Site "Herne"]
[Date "2013.01.28"]
[Round "1.19"]
[White "Breme, Dietmar"]
[Black "Scheibe, Werner"]
[Result "0-1"]
[WhiteElo "1283"]
[BlackElo "1864"]
[PlyCount "56"]

1. c4 Nf6 2. Nc3 d5 3. cxd5 Nxd5 4. Nf3 g6 5. g3 Bg7 6. Bg2 c6 7.
O-O O-O 8. Rb1 Na6 9. a3 Bf5 10. Ra1 Qa5 11. Qa4 Bxc3 12. Qh4 Bf6 13. Qh6 Bg7
14. Qh4 Nf6 15. d3 h5 16. Bd2 Qd8 17. Rac1 Nc7 18. Bg5 Ne6 19. Bd2 Bg4 20. h3
Bxf3 21. Bxf3 Nd4 22. Bb4 Nxf3+ 23. exf3 Nd5 24. Bc5 Bxb2 25. Rce1 Bf6 26. Qc4
Re8 27. Re4 Nc3 28. Re3 Qd5 0-1